书目信息 |
| 题名: |
麦德罗
|
|
| 作者: | 普拉托里尼 , Pratolini 著 ;刘黎亭 译 | |
| 分册: | ||
| 出版信息: | 上海 上海译文出版社 1984 |
|
| 页数: | 360页 | |
| 开本: | 19cm | |
| 丛书名: | ||
| 单 册: | ||
| 中图分类: | I546.45 , I546.4 | |
| 科图分类: | ||
| 主题词: | 小说--意大利--现代 , 文学 | |
| 电子资源: | ||
| ISBN: | ||
| 000 | 00846nam0 2200313 45 | |
| 001 | 0184003842 | |
| 005 | 20040406142651.4 | |
| 010 | @dCNY1.00 | |
| 091 | @a10188.438 | |
| 100 | @a19950615d1984 em y0chiy0121 ea | |
| 101 | 1 | @achi@cita |
| 102 | @aCN@b310000 | |
| 105 | @ay z 000ay | |
| 106 | @ar | |
| 200 | 10 | @a麦德罗@Amai de luo@f(意)普拉托里尼(V.Pratolini)著@g刘黎亭,袁华清译 |
| 210 | @a上海@c上海译文出版社@d1984 | |
| 215 | @a360页@d19cm | |
| 300 | @a书名原文:Metello | |
| 510 | 1 | @aMetello@zita |
| 606 | @a小说@y意大利@z现代 | |
| 606 | 0 | @a文学 |
| 690 | @aI546.45@v3 | |
| 690 | @aI546.4 | |
| 701 | 1 | @a普拉托里尼@Apu la tuo li ni@bV.@4著 |
| 701 | A1 | @aPratolini@bV.@4著 |
| 702 | 0 | @a刘黎亭@Aliu li ting@4译 |
| 801 | 0 | @aCN@b上海图书馆@c20040406 |
| 801 | 2 | @aCN@bNLC@c20040406 |
| 905 | @f4@b113850-853@dI546.4@e16 | |
| 麦德罗/(意)普拉托里尼(V.Pratolini)著/刘黎亭,袁华清译.-上海:上海译文出版社,1984 |
| 360页;19cm |
| 书名原文:Metello |
| ISBN :CNY1.00 |
| ● |
| 相关链接 |
|
|
|
|
正题名:麦德罗
索取号:I546.4/16
 
预约/预借
| 序号 | 登录号 | 条形码 | 馆藏地/架位号 | 状态 | 备注 |
| 1 | 0113850 | 000673015 | 密集书库/ [索取号:I546.4/16] | 在馆 | |
| 2 | 0113851 | 000672971 | 密集书库/ [索取号:I546.4/16] | 在馆 | |
| 3 | 0113852 | 000673042 | 密集书库/ [索取号:I546.4/16] | 在馆 | |
| 4 | 0113853 | 000673033 | 第二借阅区/ [索取号:I546.4/16] | 在馆 | |
| 5 | 0113854 | 000673024 | 第一样本阅览室/ [索取号:I546.4/16] | 在馆 |